000
00259 a2200109 4500
001
155203
040
_c
Escola São Tomás de Aquino
240
1
0
_a
O fascinante mundo animal
_l
por
245
1
0
_a
O fascinante mundo animal
697
_a
GENERALIDADES
942
_c
BK
999
_c
155203
_d
155203